MARC

LEADER 00000nam0a2200000 4500
001 357250
005 20231102010955.0
035 |a (RuTPU)RU\TPU\retro\14510 
090 |a 357250 
100 |a 20200803d u y0rusy50 ca 
101 0 |a rus 
102 |a RU 
105 |a a z 000zy 
200 1 |a Закономерности изнашивания и направление работ по повышению срока службы деталей машин  |e [оттиск статьи]  |f П. Е. Дьяченко 
210 |a [Б. м.]  |c [Б. и.]  |d [Б. г.] 
215 |a С. 367-376  |c ил. 
606 1 |a Детали машин  |x Упрочнение поверхностное  |2 stltpush  |3 (RuTPU)RU\TPU\subj\9202  |9 36480 
606 1 |a Детали машин  |x Износостойкость  |2 stltpush  |3 (RuTPU)RU\TPU\subj\9162  |9 36440 
610 1 |a усталостные разрушения 
610 1 |a трение при качении 
610 1 |a трение скольжения 
610 1 |a поверхностный слой 
610 1 |a резание металлов 
610 1 |a эпюры 
610 1 |a напряжения 
610 1 |a механическая обработка 
610 1 |a коллекция ТПУ 
610 1 |a оттиски 
675 |a 621.81-408  |v 4 
675 |a 621.81.004.62  |v 4 
700 1 |a Дьяченко  |b П. Е. 
801 1 |a RU  |b 63413507  |c 20200803 
942 |c BK